| 000 | 00339nam a2200109Ia 4500 | ||
|---|---|---|---|
| 008 | 171211s9999 xx 000 0 und d | ||
| 245 | 4 | _aThe Autobiography of Benjamin Franklin: Second Edition (Yale Nota Bene) | |
| 245 | _cBenjamin Franklin | ||
| 260 | _c2003 | ||
| 650 | _xBiography | ||
| 856 | _uhttp://down.ebook777.com/059/0300098588.pdf | ||
| 999 |
_c349983 _d349983 |
||